| 000 | 00500nam a2200169Ia 4500 | ||
|---|---|---|---|
| 999 |
_c26532 _d26532 |
||
| 003 | OSt | ||
| 005 | 20201203113322.0 | ||
| 008 | 190216s9999||||xx |||||||||||||| ||und|| | ||
| 040 | _coclc | ||
| 082 |
_a894.8123 _bPIL/B |
||
| 100 |
_aPillai, Thakazhi Shivashankara _9418 |
||
| 245 | 0 |
_aBaloonukal / _cThakazhi Shivashankara Pillai |
|
| 260 |
_bDc Books, _c1982. _aKottayam: |
||
| 300 | _a418p | ||
| 650 | _aMalayalam Novel | ||
| 942 |
_cBK _2ddc _h894.8123 _iPIL/B _k894.8123 _mPIL/B |
||